Vladimir Luxuria : una storia /

Guardat en:
Dades bibliogràfiques
Autor principal: Romanelli, Eugenia (Autor)
Format: Llibre
Idioma:italià
Publicat: Roma : Cooper & Castelvecchi, 2002
Col·lecció:Hot books ; 2
Matèries:
Etiquetes: Afegir etiqueta
Sense etiquetes, Sigues el primer a etiquetar aquest registre!

MARC

LEADER 00000nam a22000007i 4500
001 IT\ICCU\BVE\0280418
003 ItRI
005 20260119151604.0
008 021206s2002 it |||||| ||||| |||||c
020 |a 887394003X 
040 |b ita  |c GP 
041 7 |a ita  |2 ISO-639-2 
100 1 |a Romanelli, Eugenia  |0 IT\ICCU\TERV\000611  |4 aut 
245 1 0 |a Vladimir Luxuria :  |b una storia /  |c Eugenia Romanelli ; introduzione di Guido Dolara. 
260 |a Roma :  |b Cooper & Castelvecchi,  |c 2002 
300 |a 145 p. ;  |c 21 cm. 
650 7 |a Luxuria, Vladimir  |2 scbi 
830 0 |a Hot books ;  |v 2  |0 IT\ICCU\UBO\1791441 
942 |2 ddc  |c BK 
952 |0 0  |1 0  |2 ddc  |4 0  |6 306_768000000000000_ROM  |7 1  |9 559  |a RM  |b RM  |d 2024-01-30  |l 0  |o 306.768 ROM  |p 53  |r 2024-01-30 18:32:20  |w 2024-01-30  |y BK 
952 |0 0  |1 0  |2 ddc  |4 0  |6 B_LNR01ROMEUVLA11  |7 0  |9 5308  |a MI  |b MI  |d 2005-08-21  |i 4778  |l 0  |o B-LNR01-ROMEU-VLA11  |p CDOM4778  |r 2025-07-13 16:27:56  |w 2025-07-13  |x ACQUISTO  |y BK 
952 |0 0  |1 0  |4 0  |6 DOC_305_906000000000000_ROM  |7 0  |9 16505  |a BO  |b BO  |d 2026-01-15  |i 7345  |l 0  |o DOC 305.906 ROM  |p BO7345  |r 2026-01-15 23:19:22  |w 2026-01-15  |x [Sebina 5] [1 v.]  |y BK  |z 1 v. 
981 1 |6 z01  |a i   |b xxxe  
982 1 |6 z01  |a n 
999 |c 496  |d 496